Bytový dom Majerníkova

Saved in:
Bibliographic Details
Main Author: Papcún, Šimon (Author)
Other Authors: Jankovichová, Eva (Thesis advisor)
Format: Manuscript Book
Language:Slovak
Published: 2017
Subjects:
Online Access:http://is.stuba.sk/zp/portal_zp.pl?podrobnosti=125413
https://opac.crzp.sk/?fn=detailBiblioForm&sid=4CB0668AE2C8F277B3A3AAAC843C
Tags: Add Tag
No Tags, Be the first to tag this record!

MARC

LEADER 00000ntm a22000003a 4500
001 stuzp63859
003 SK-STU
005 20230817102324.0
007 ta
008 150427s2015----xo-----f-mn---000-0-slo-d
040 |a STU  |b slo 
041 0 |a slo 
100 1 |a Papcún, Šimon  |u 010270  |4 aut  |U SvF Stavebná fakulta  |T SvF Katedra technológie stavieb  |X 9891  |U V270  |Y 28  |7 9891 
242 0 1 |a Apartment dwelling house Majerníková  |y eng 
245 1 0 |a Bytový dom Majerníkova 
260 |c 2017 
650 4 |a bytový dom  |2 slo 
650 4 |a základové konštrukcie  |2 slo 
650 4 |a projekt zariadenia staveniska  |2 slo 
650 4 |a časový harmonogram  |2 slo 
650 4 |a apartment dwelling house  |2 eng 
650 4 |a project of construction site equipment  |2 eng 
650 4 |a timeschedule  |2 eng 
650 4 |a foundation construction  |2 eng 
700 1 |a Jankovichová, Eva  |u 010270  |k Z1  |4 ths  |U SvF Stavebná fakulta  |T SvF Katedra technológie stavieb  |X 647  |U V270  |Y 28  |7 A000000647 
856 4 |u http://is.stuba.sk/zp/portal_zp.pl?podrobnosti=125413 
856 4 |u https://opac.crzp.sk/?fn=detailBiblioForm&sid=4CB0668AE2C8F277B3A3AAAC843C